Directory 4 : (Record no. 39840)

MARC details
000 -LEADER
fixed length control field 00738nam a22001577a 4500
008 - FIXED-LENGTH DATA ELEMENTS--GENERAL INFORMATION
fixed length control field 111124t xxu||||| |||| 00| 0 eng d
050 ## - LIBRARY OF CONGRESS CALL NUMBER
Classification number HN690.5
Item number .U55 1980
110 ## - MAIN ENTRY--CORPORATE NAME
Corporate name or jurisdiction name as entry element UN Centre for Human Settlements (Habitat)
245 ## - TITLE STATEMENT
Title Directory 4 :
Remainder of title firms and institutins providing consultant services in the field of human settlements.
Statement of responsibility, etc UN Centre for Human Settlements (Habitat)
260 ## - PUBLICATION, DISTRIBUTION, ETC. (IMPRINT)
Place of publication, distribution, etc Nairobi :
Name of publisher, distributor, etc United Nations Centre for Human Settlements (Habitat),
Date of publication, distribution, etc 1980.
300 ## - PHYSICAL DESCRIPTION
Extent 188 p.
Dimensions 19 cm.
500 ## - GENERAL NOTE
General note Material type: Misc.
650 ## - SUBJECT ADDED ENTRY--TOPICAL TERM
Topical term or geographic name as entry element human settlements.consultant directory,
942 ## - ADDED ENTRY ELEMENTS (KOHA)
Source of classification or shelving scheme Library of Congress Classification
Item type Book
Holdings
Withdrawn status Lost status Source of classification or shelving scheme Damaged status Not for loan Collection code Home library Current library Shelving location Date acquired Full call number Barcode Copy number Price effective from Koha item type Public note
Withdrawn   Library of Congress Classification   Not For Loan Reference Bishop Okullu Memorial Library (Limuru Campus) Bishop Okullu Memorial Library (Limuru Campus) Reference 24/11/2011 REF HN690.5 .U55 1980 029604 1 24/11/2011 Book out dated